|
|
|
|
| LEADER |
00000nab a2200000 a 4500 |
| 001 |
vtls000920305 |
| 003 |
SK-MaSNL |
| 005 |
20260303171230.0 |
| 008 |
040720e19910000xo 0 slo |
| 035 |
|
|
|a KE29182
|
| 040 |
|
|
|a KEVKJB
|b slo
|c KEVKJB
|e AACR2
|
| 041 |
0 |
|
|a slo
|
| 044 |
|
|
|a xo
|c SK
|
| 080 |
|
|
|a 551.579
|2 1981
|
| 100 |
1 |
|
|a Novák, J.
|4 aut
|9 329634
|
| 245 |
1 |
0 |
|a Predpoveď prietokov na Hornáde
|
| 500 |
|
|
|a Res. Lit.
|
| 650 |
0 |
7 |
|a hydrometeorológia
|2 KEVKJB
|9 855
|
| 650 |
0 |
7 |
|a systém predpovedný
|2 KEVKJB
|9 1195492
|
| 650 |
0 |
7 |
|a metóda ERMD
|2 KEVKJB
|9 1195493
|
| 650 |
0 |
7 |
|a určovanie prietokov
|2 KEVKJB
|9 1195494
|
| 650 |
0 |
7 |
|a modelovanie
|2 KEVKJB
|9 15732
|
| 651 |
|
7 |
|a Hornád (Slovensko a Maďarsko : rieka)
|2 KEVKJB
|9 26821
|
| 651 |
|
7 |
|a KS,
|2 KEVKJB
|9 880381
|
| 655 |
|
7 |
|a zborník
|2 snkbucl
|9 377384
|
| 655 |
|
7 |
|a štúdie
|2 KEVKJB
|9 57033
|
| 773 |
0 |
8 |
|t Metódy operatívnych predpovedí v hydrológii
|d Bratislava : Slovenský hydrometeorologický ústav, 1991, S. 353-403
|
| 852 |
|
|
|a ZVYKNI
|b KIS3GCP
|
| 999 |
|
|
|c 2080430
|d 2082360
|